Návrh a tvorba systému automatizovanej kontroly kvality a geometrických tvarov vybraných objektov s využitím algoritmov strojového videnia

Uložené v:
Podrobná bibliografia
Hlavný autor: Toma, Lukáš (Autor)
Ďalší autori: Vachálek, Ján (Vedúci práce)
Médium: Rukopis Kniha
Jazyk:Slovak
Vydavateľské údaje: 2024
Predmet:
On-line prístup:http://is.stuba.sk/zp/portal_zp.pl?podrobnosti=179053
Tagy: Pridať tag
Žiadne tagy, Buďte prvý, kto otaguje tento záznam!

MARC

LEADER 00000ntm a22000003a 4500
001 stuzp99391
003 SK-STU
005 20241120100912.6
007 ta
008 150427s2015----xo-----f-mn---000-0-slo-d
040 |a STU  |b slo 
041 0 |a slo 
100 1 |a Toma, Lukáš  |u 020020  |4 aut  |U SjF Strojnícka fakulta  |T SjF Ústav automatizácie, informatizácie a merania  |X 112298  |U J0020  |Y 802  |7 112298 
242 0 1 |a Design and development of a system for automated control of quality and geometric shapes of selected objects using machine vision algorithms  |y eng 
245 1 0 |a Návrh a tvorba systému automatizovanej kontroly kvality a geometrických tvarov vybraných objektov s využitím algoritmov strojového videnia 
260 |c 2024 
650 4 |a strojové videnie  |2 slo 
650 4 |a strojové učenie  |2 slo 
650 4 |a konvolučná neurónová sieť  |2 slo 
650 4 |a automatizovaná kontrola  |2 slo 
650 4 |a inteligentné rozpoznávanie  |2 slo 
650 4 |a convolutional neural network  |2 eng 
650 4 |a automated inspection  |2 eng 
650 4 |a machine vision  |2 eng 
650 4 |a machine learning  |2 eng 
650 4 |a intelligent recognition  |2 eng 
700 1 |a Vachálek, Ján  |u 020020  |k Z1  |4 ths  |U SjF Strojnícka fakulta  |T SjF Ústav automatizácie, informatizácie a merania  |X 2232  |U J0020  |Y 802  |7 A000002232 
856 4 |u http://is.stuba.sk/zp/portal_zp.pl?podrobnosti=179053 
996 |b 284J047681  |c J* 3776/DDP  |l JJSK  |s A  |a 24  |w stuzp99391_0001